[Event "Julian Mazur Memorial"]
[Site "Wellington Chess Club"]
[Date "2014.08.14"]
[Round "4"]
[White "Sole, Michael"]
[Black "Scully, Ben"]
[Result "1-0"]
[WhiteElo "1746"]
[BlackElo "1046"]

1. e4 e5 2. Nf3 Nc6 3. Bb5 d6 4. d4 a6 $2 5. Bxc6+ {Now I am a pawn ahead.}  (
{Rybka 2.3.2a mp 32-bit  0.80 (depth 11)} 5. Bxc6+ bxc6 6. dxe5 f6 7. exf6 Nxf6
8. O-O Be7 9. e5 dxe5 10. Qxd8+ Bxd8 11. Nxe5 Bb7) 5... bxc6 6. dxe5 Bg4 7.
exd6 cxd6 8. O-O {Keeping safe.} 8... Be7 {Passive}  (8... Nf6 {Attacking the e
pawn.} ) 9. Nc3 Qc7 10. Be3 f6 $2 {This move causes problems for developing the
knight and loses space to move.} 11. Qe2 Bc8 $6 {This move surprised me } 12.
Qc4 $5 {Planning to get rid of the bishop pair.} 12... Rb8 13. Nd5 $6 {This
move gives him space.} 13... Qb7 14. Nxe7 {I was thinking of Nb6 blocking the
queen but when I am ahead I try to (KISS) Keep It Super Simple.} 14... Nxe7 15.
Bd4 ( {Rybka 2.3.2a mp 32-bit  1.29 (depth 11)} 15. Bf4 Qb5 16. Qd4 Qxb2 17.
Bxd6 Qxd4 18. Nxd4 Rb7 19. Rab1 Rd7 20. Bc5 Kf7 21. Rb6 {I wanted to allow
risks and just defend the pawn.} ) 15... d5 16. exd5 cxd5 17. Qd3 $6 {Ben views
this as a very bad move giving it a ? in his move list, but I disagree because
while it gives black chances it allows me to double up my rooks but I agree
there were better moves   }  ( {Rybka 2.3.2a mp 32-bit  1.15 (depth 9)} 17. Qb3
Bf5 18. Bc5 Qxb3 19. axb3 Bxc2 20. Rxa6 Nc8 {This is an open game} ) 17... O-O
( {Rybka 2.3.2a mp 32-bit  0.86 (depth 15)} 17... Bf5 18. Qd2 O-O 19. Bc3 {This
is a example of the chances black has with this move} ) 18. Rfe1 Bf5 19. Rxe7
$1 {I spent 10-15 minutes on this move thinking if the B+K is worth the rook
also this exchanges many major pieces making my lead more important. The engine
says this is the best move by far. } 19... Bxd3 20. Rxb7 Rxb7 21. cxd3 {Now
white is much better.} 21... Rc7 22. Bc3 Kf7 23. Re1 Rb8 24. Kf1 Rd7 25. Re3
Rd6 26. Nd4 $1 {This knight was untouchable here and dominated the game. From
here I waited for black to ruin his pawn structure by annoying his pawns.    }
26... g6 27. Rh3 {This is the start of the annoying pokes by the rook} 27... h5
{This is what I wanted to happen} 28. Re3 ( {Rybka 2.3.2a mp 32-bit  2.73
(depth 15)} 28. f4 f5 29. Nf3 Re8 30. Kf2 Kg8 31. Rg3 Rc8 32. Ne5 Kh7 33. Ke3
Rc7 {The pawns are very weak here.} ) 28... g5 29. Rh3 h4 30. Rf3 Kg6 31. h3
{Stopping the pawn push.} 31... Rc8 32. Re3 Kh5 $6 { This puts the king away
from the centre. I assume that Ben put the king here to support the pawns but
h3 blocks all hope and also this leaves the f6 pawn weak.} 33. Re6 $6 {I did
this to attack the f6 pawn and to swap down.} 33... Rxe6 34. Nxe6 a5 $6 {I do
not understand this move, now two pawns are en prise.} 35. Bxf6 Rc1+ 36. Ke2
{The pawns are solid here} 36... Rg1 37. Kf3 a4 38. Bxg5 d4 39. Bf6 {It's all
over now} 39... Rd1 40. Ke2 Rg1 41. Bxd4 {This sets a mean trap.} 41... Rxg2 $4
{This loses the rook } 42. Nf4+ {Winning the Rook. Ben throws in the towel here
and understandably so. This game lasted a long time ending at 10:40 with Ben on
3 minutes and me on 35ish. An entertaining game to play.} 1-0

[Event "Julian Mazur Memorial"]
[Site "Wellington Chess Club"]
[Date "2014.08.14"]
[Round "4"]
[White "Stoeveken, Peter"]
[Black "Anderson, Gordon"]
[Result "1-0"]
[WhiteElo "1856"]
[BlackElo "1624"]

1. d4 Nf6 2. Bg5 Ne4 3. Bd2 Nxd2 4. Nxd2 g6 5. Ngf3 Bg7 6. e4 Nc6 7. c3 O-O 8.
Bd3 d6 9. Qb3 b6 10. h4 Na5 11. Qc2 c5 12. h5 cxd4 13. hxg6 fxg6 14. cxd4 Bg4
15. e5 Rc8 16. Qa4 Bxf3 17. Nxf3 dxe5 18. b4 Nc6 19. Qb3+ Kh8 20. Bxg6 h6 21.
Qe3 Nxd4 22. Rxh6+ Kg8 23. Bh7+ Kh8 24. Rh5 Nxf3+ 25. gxf3 Rc7 26. Rd1 Qe8 27.
Bg6+ 1-0

[Event "Julian Mazur Memorial"]
[Site "Wellington Chess Club"]
[Date "2014.08.14"]
[Round "4"]
[White "Stone, Andrew"]
[Black "Aldridge, Alan"]
[Result "0-1"]
[WhiteElo "2058"]
[BlackElo "1951"]

1. e4 d5 2. exd5 Qxd5 3. Nc3 Qd8 4. d4 Nf6 5. Bc4 e6 6. Bg5 Be7 7. Nf3 O-O 8.
Qd3 Nc6 9. O-O-O Nb4 10. Qd2 c6 11. Ne5 Nbd5 12. Qd3 Nxc3 13. bxc3 Ba3+ 14. Kd2
Be7 15. Rhe1 Nd5 16. Bxe7 Qxe7 17. Bxd5 cxd5 18. Re3 f6 19. Nf3 Qd6 20. h4 Bd7
21. Rb1 e5 22. dxe5 fxe5 23. Ng5 Rxf2+ 24. Ke1 Bf5 25. Qb5 Rxg2 26. Qxb7 Rf8
27. Rb5 Rg1+ 28. Kd2 Bg4 29. Rb1 Rg2+ 30. Kd3 Bf5+ 31. Ne4 Bxe4+ 32. Rxe4 0-1

[Event "Julian Mazur Memorial"]
[Site "Wellington Chess Club"]
[Date "2014.08.14"]
[Round "4"]
[White "Wight, Joshua"]
[Black "Farrington, Lawrence"]
[Result "0-1"]
[WhiteElo "1204"]
[BlackElo "1852"]

1. e4 e6 2. d4 d5 3. Nc3 Bb4 4. Ne2 c5 5. a3 Bxc3+ 6. Nxc3 dxe4 7. Be3 cxd4 8.
Qxd4 Qxd4 9. Bxd4 Nf6 10. Bxf6 gxf6 11. Nxe4 Ke7 12. O-O-O Bd7 13. f3 Bc6 14.
Bc4 Nd7 15. Nc3 a6 16. Rhf1 Ne5 17. Be2 f5 18. h3 h5 19. g3 Rag8 20. f4 Nd7 21.
Rg1 Nf6 22. Rdf1 Rg7 23. Bf3 Bxf3 24. Rxf3 Rd8 25. Rd3 Rxd3 26. cxd3 Rg8 27.
Kd2 b5 28. b4 Rd8 29. Rc1 Kd7 30. a4 bxa4 31. Nxa4 Kd6 32. Nc5 Ra8 33. Ra1 Nd5
34. Ra4 Kc6 35. Rxa6+ Rxa6 36. Nxa6 Kb5 37. Nc7+ Nxc7 0-1

[Event "Julian Mazur Memorial"]
[Site "Wellington Chess Club"]
[Date "2014.08.14"]
[Round "4"]
[White "Wilkins, Mark"]
[Black "Perry, Roger"]
[Result "0-1"]
[WhiteElo "1886"]
[BlackElo "2098"]

1. d4 Nf6 2. Bg5 c5 3. Bxf6 gxf6 4. d5 Qb6 5. Qc1 f5 6. e3 Bg7 7. c3 d6 8. Ne2
Nd7 9. Nf4 Nf6 10. Na3 O-O 11. Bd3 e5 12. dxe6 fxe6 13. Nc4 Qc7 14. Qd1 e5 15.
Nh5 Nxh5 16. Qxh5 e4 17. Bc2 d5 18. Nd2 Be6 19. O-O Rad8 20. Rac1 Qe5 21. Rfe1
b5 22. Bb1 f4 23. Qe2 a6 24. exf4 Qxf4 25. f3 Bh6 26. Rcd1 e3 27. Nb3 Qc7 28.
Rf1 a5 29. Qxb5 Bf4 30. Rde1 Bxh2+ 31. Kh1 Qg3 32. Qe2 Qh4 33. g3 Bxg3+ 34. Kg1
Bxe1 35. Rxe1 Qg3+ 36. Qg2 Qxg2+ 37. Kxg2 Rfe8 38. Nxc5 Bf7 39. Kf1 d4 40. cxd4
Rxd4 41. Ne4 Bc4+ 42. Kg2 Kf7 43. Rxe3 h6 44. Kf2 Rd1 45. Re1 Rxe1 46. Kxe1 Bd5
47. Kf2 Bxe4 48. Bxe4 Kf6 49. Ke3 Rb8 50. b3 h5 51. f4 h4 52. Kf3 Rg8 53. Kf2
h3 54. a3 h2 55. Bg2 Kf5 56. b4 axb4 57. axb4 Kxf4 58. b5 Rg6 59. Kf1 Ke3 60.
b6 Rxb6 61. Bh1 Rg6 62. Bg2 Rf6+ 63. Ke1 Rb6 64. Kd1 Rb1+ 0-1

[Event "Julian Mazur Memorial"]
[Site "Wellington Chess Club"]
[Date "2014.08.21"]
[Round "5"]
[White "Aldridge, Alan"]
[Black "Croad, Nicolas"]
[Result "0-1"]
[WhiteElo "1951"]
[BlackElo "2368"]

1. d4 Nf6 2. c4 e6 3. a3 c5 4. Nf3 cxd4 5. Nxd4 b6 6. Nc3 Bb7 7. Bf4 a6 8. Qc2
d6 9. Bg3 Nbd7 10. b4 Be7 11. f3 O-O 12. e4 Re8 13. Be2 Nh5 14. Bf2 Rc8 15. Be3
Bg5 16. Qd2 Bxe3 17. Qxe3 Ne5 18. f4 Nxc4 19. Qf2 Nxf4 20. Qxf4 e5 21. Qf1 Ne3
22. Qf3 exd4 0-1

[Event "Julian Mazur Memorial"]
[Site "Wellington Chess Club"]
[Date "2014.08.21"]
[Round "5"]
[White "Baker, Jack"]
[Black "Stone, Andrew"]
[Result "0-1"]
[WhiteElo "1396"]
[BlackElo "2058"]

1. e4 c5 2. Bc4 Nc6 3. Nf3 d6 4. d4 cxd4 5. Nxd4 Nf6 6. Be3 Nxe4 7. Qf3 d5 8.
Bb5 Bd7 9. O-O e5 10. Nxc6 bxc6 11. Bd3 Nf6 12. Qg3 Qe7 13. f4 e4 14. Re1 exd3
15. Bc5 Ne4 16. Bxe7 Nxg3 17. Bh4+ Be6 18. Bxg3 dxc2 19. Nc3 Bc5+ 20. Bf2 Bxf2+
21. Kxf2 O-O 22. h3 Rab8 23. Na4 Rb4 24. b3 Rxf4+ 25. Kg1 d4 26. g4 d3 0-1

[Event "Julian Mazur Memorial"]
[Site "Wellington Chess Club"]
[Date "2014.08.21"]
[Round "5"]
[White "Brockway, Andrew"]
[Black "Rossiter, Philip"]
[Result "0-1"]
[BlackElo "1922"]
[EventDate "2014.08.21"]
[WhiteElo "1784"]

1. e4 c5 2. Nc3 Nc6 3. Bb5 g6 4. f4 Bg7 5. Nf3 e6 6. O-O Nge7 7. d3 O-O 8. Qe1
Nd4 9. Nxd4 cxd4 10. Ne2 d5 11. Ng3 Bd7 12. Bxd7 Qxd7 13. Bd2 Rac8 14. c3 dxe4
15. Nxe4 Nf5 16. Rf3 Rfd8 17. c4 Ne3 18. Qc1 f5 19. Nf2 Qd6 20. Bxe3 dxe3 21.
Rxe3 Qb6 22. Re2 Rxd3 23. Qe1 Bd4 24. Rxe6 Bxf2+ 25. Qxf2 Qxe6 26. b3 Rcd8 27.
Qc2 Qe3+ 0-1

[Event "Julian Mazur Memorial"]
[Site "Wellington Chess Club"]
[Date "2014.08.21"]
[Round "5"]
[White "Kay, Bruce"]
[Black "Sole, Michael"]
[Result "1-0"]
[WhiteElo "1744"]
[BlackElo "1746"]

1. d4 d5 2. c4 e6 3. Nc3 Nf6 4. Bg5 Nbd7 5. e3 Be7 6. Nf3 c6 7. Rc1 Qa5 8. Nd2
O-O 9. Qc2 Bb4 10. Bxf6 Nxf6 11. Bd3 Bxc3 12. bxc3 Re8 13. Nf3 h6 14. O-O Nd7
15. cxd5 cxd5 16. c4 Nb6 17. c5 Nd7 18. Rb1 f5 19. Bb5 Qc7 20. Bxd7 Bxd7 21.
Rfc1 Bc6 22. Ne5 Rac8 23. f4 Re7 24. Qe2 Be8 25. h3 Kh7 26. g4 g6 27. Rb2 Kg8
28. Rcb1 Rb8 29. Kh2 Kh7 30. Qc2 Bc6 31. Qd3 Kg8 32. Rg2 Rg7 33. Rbg1 Be8 34.
gxf5 gxf5 35. Rxg7+ Qxg7 36. Rxg7+ Kxg7 1-0

[Event "Julian Mazur Memorial"]
[Site "Wellington Chess Club"]
[Date "2014.08.21"]
[Round "5"]
[White "Konakanchi, Karthik"]
[Black "Stoeveken, Peter"]
[Result "0-1"]
[WhiteElo "1351"]
[BlackElo "1856"]

1. e4 e6 2. d4 d5 3. e5 c5 4. c3 Nc6 5. Nf3 Qb6 6. Na3 a6 7. Rb1 cxd4 8. Qa4
dxc3 9. bxc3 Qa5 10. Qb3 Qc7 11. Bf4 Nge7 12. Bd3 g6 13. Qa4 Bg7 14. Nb5 axb5
15. Qxa8 O-O 16. Qa3 Bxe5 17. Nxe5 Nxe5 18. O-O N7c6 19. Bxb5 Nf3+ 20. gxf3
Qxf4 21. Be2 Ne5 22. Kg2 Qg5+ 23. Kh1 Qf4 24. Rg1 Nxf3 25. Bxf3 Qxf3+ 26. Rg2
e5 27. Kg1 Bf5 28. Rg3 Qe2 29. Qb2 Qc4 30. Rc1 h5 31. h3 h4 32. Re3 Qf4 33. Qe2
d4 34. cxd4 exd4 35. Rc4 Qg5+ 0-1

[Event "Julian Mazur Memorial"]
[Site "Wellington Chess Club"]
[Date "2014.08.21"]
[Round "5"]
[White "List, Robert"]
[Black "Meravanage, Satwik"]
[Result "0-1"]
[WhiteElo "1724"]
[BlackElo "1238"]

1. f4 d5 2. Nf3 c5 3. e3 Nc6 4. b3 Bf5 5. Bb2 e6 6. Bd3 Bxd3 7. cxd3 Nf6 8. O-O
Be7 9. Nc3 O-O 10. Rc1 Nd7 11. Qe1 f6 12. Qe2 Nb6 13. g4 e5 14. f5 Qd7 15. Ba3
Rfe8 16. Bb2 Rad8 17. a3 d4 18. Ne4 dxe3 19. Qxe3 Qxd3 20. Nxc5 Qxe3+ 21. dxe3
Bxc5 22. Rxc5 Rd3 23. Rc3 Red8 24. Ne1 Rxc3 25. Bxc3 Rd1 26. Kf2 Nd5 27. Bb2
Rd2+ 28. Kf3 Rxb2 29. Ke4 Nde7 30. Nd3 Rxb3 31. Ra1 b6 32. h4 Rb5 33. Re1 Rb3
34. Ra1 Na5 35. g5 Nc4 36. Rd1 Rxa3 37. h5 Ra1 38. Rxa1 Nd2# 0-1

[Event "Julian Mazur Memorial"]
[Site "Wellington Chess Club"]
[Date "2014.08.21"]
[Round "5"]
[White "Nyberg, Michael"]
[Black "Jackson, Ross"]
[Result "1-0"]
[WhiteElo "2081"]
[BlackElo "1984"]

1. e4 e5 2. Nf3 Nc6 3. Bb5 Qe7 {Unusual} 4. c3 Nf6 5. d3 d6 6. Bg5 Bd7 7. Nbd2
h6 8. Bh4 $6 ( {Better } 8. Bxf6 {to avoid having a trapped bishop. Black is
always going to be castling queen side now} ) 8... g5 $1 9. Bg3 a6 10. Ba4
O-O-O 11. b4 h5 12. h4 g4 13. Ng5 Ng8 $1 {and now a trapped knight!} 14. Bb3
Nh6 15. a4 f6 16. b5 Nb8 17. bxa6 $2 (17. Bd5 $1 fxg5 18. hxg5 Ng8 19. Qb3 a5
20. Nc4 {plenty of compensation for the piece} ) 17... Nxa6 18. Bc4 fxg5 19.
hxg5 Nf7 20. g6 Ng5 21. Bh4 (21. Bxa6 bxa6 22. Nc4 Bc6 23. Qb3 Kd7 {black
escapes} ) 21... Bg7 22. Nb3 Bf6 23. Bxa6 bxa6 24. Na5 Ne6 $6 ( {better for
king safety is} 24... Rdg8 25. Qb3 Qe6 26. Qb7+ Kd8) 25. Qb1 $2 (25. Qb3 $1 Nc5
26. Qd5 $1 {is nearly equal. Now black is winning} ) 25... Nc5 26. d4 $6
{weakens e4} 26... exd4 27. O-O (27. cxd4 Qxe4+ 28. Qxe4 Nxe4 {clearly winning}
) 27... dxc3 28. Bxf6 Qxf6 {Despite his shaky looking king position, black is
some 7 points up here} 29. Qb4 c2 30. Ra2 Bxa4 ( {Hard to spot was} 30... Qxf2+
$1 31. Rxf2 (31. Kxf2 Nd3+ 32. Ke3 Nxb4) 31... c1=Q+ 32. Rf1 Qe3+) 31. Rxa4 Kd7
$4 ( {Throws away most of the advantage} 31... Rhf8 { or 31....g3 retain the
winning position} ) 32. Ra2 Rb8 33. Qc4 Qxg6 34. Rxc2 Rhe8 (34... Rb5 {is
better, trapping a second knight} 35. Ra2 h4 36. Qd5 Qxe4 37. Qxe4 Nxe4 {a
winning endgame} ) 35. Qd5 Re5 (35... Rb5 {again better} ) 36. Qc6+ Kc8 37. f4
gxf3 38. Rxf3 Qe8 39. Rxc5 $1 dxc5 $4 {a dramatic reversal of fortunes.}  (
39... Qxc6 40. Rxc6 (40. Nxc6 Rb1+ 41. Kh2 Rxc5) 40... Rxa5 { retains a small
plus} ) 40. Qxa6+ Kd7 41. Rd3+ Ke7 42. Nc6+ Kf7 43. Rf3+ (43. Rd7+ $1 Kg8 44.
Nxe5 Rb1+ 45. Kf2 Rb2+ 46. Ke3 Rb3+ 47. Kf4 Qf8+ 48. Rf7) 43... Kg8 44. Nxb8
Rxe4 45. Qa2+ (45. Nd7 $1 Qxd7 46. Qg6+ {wins} ) 45... c4 46. Rg3+ Kh7 47. Qc2
Kh6 48. Qd2+ ( {again } 48. Nd7 $1 Re1+ 49. Kh2) 48... Kh7 49. Qg5 $6 Rg4 50.
Rxg4 hxg4 51. Qh4+ Kg6 52. Qxg4+ Kh6 53. Nd7 Qe1+ 54. Kh2 Qf1 55. Ne5 Qf6 56.
Nxc4 c5 57. Qh3+ Kg6 58. Qg3+ Kh6 59. Qe3+ Kh7 60. Qd3+ Kg7 61. Qd7+ Kg8 62.
Qe8+ Kh7 63. Qh5+ Kg8 64. Qd5+ Kh7 65. Qe4+ Kg8 66. Ne5 1-0

[Event "Julian Mazur Memorial"]
[Site "Wellington Chess Club"]
[Date "2014.08.21"]
[Round "5"]
[White "Perry, Roger"]
[Black "Sellen, Ian"]
[Result "1/2-1/2"]
[WhiteElo "2098"]
[BlackElo "2075"]

1. e4 c5 2. c3 d5 3. exd5 Qxd5 4. d4 Nc6 5. Nf3 Bg4 6. Be2 cxd4 7. cxd4 e6 8.
Nc3 Qa5 9. d5 exd5 10. Nd4 Bd7 11. Nb3 Qd8 12. O-O Be6 13. Bf3 Nf6 14. Re1 Be7
15. Bg5 O-O 16. Bxf6 Bxf6 17. Nxd5 Bxb2 18. Rb1 Bxd5 19. Rxb2 Qf6 20. Rd2 Bxf3
21. Qxf3 Qxf3 22. gxf3 Rad8 23. Rb2 b6 24. Rc2 Rd6 25. Rec1 Nd4 26. Nxd4 Rxd4
27. Rc7 Ra4 28. R1c2 g6 29. Rb7 Ra5 30. f4 b5 31. f5 gxf5 32. Rd7 Kg7 33. Rd5
Kg6 34. Rc6+ f6 35. a4 Rxa4 36. Rxb5 f4 37. Kg2 Rf7 38. Kf3 Rd7 39. Rc2 Rd3+
40. Kg2 h5 41. Rbc5 h4 42. h3 f3+ 43. Kh2 Rd1 44. Rc1 Rxc1 45. Rxc1 Ra3 46. Rc4
Kg5 47. Rg4+ Kh5 48. Rf4 a5 49. Rxf6 a4 50. Rf4 Ra1 51. Rxh4+ 1/2-1/2

[Event "Julian Mazur Memorial"]
[Site "Wellington Chess Club"]
[Date "2014.08.21"]
[Round "5"]
[White "Scully, Ben"]
[Black "Roberts, Michael"]
[Result "0-1"]
[WhiteElo "1046"]
[BlackElo "1761"]

1. e4 c5 2. Nf3 Nc6 3. d4 cxd4 4. Nxd4 Nf6 5. Nxc6 bxc6 6. Nd2 Qc7 7. Bd3 g6 8.
O-O Bg7 9. h3 O-O 10. Re1 d5 11. Rb1 Nh5 12. exd5 cxd5 13. Nb3 e5 14. Bd2 a5
15. Be2 a4 16. Nc1 Bf5 17. Nd3 Bxd3 18. cxd3 Nf6 19. Bb4 Rfe8 20. Rc1 Qd7 21.
Bf3 Rab8 22. Qd2 Bh6 23. Qxh6 Rxb4 24. Rc2 e4 25. dxe4 dxe4 26. Bd1 Rd4 27. Be2
e3 28. fxe3 Rd2 29. Rc5 Rxe2 30. Rxe2 Qd1+ 31. Kf2 Ne4+ 32. Kf3 Qf1+ 33. Kg4
Qxe2+ 34. Kf4 Qf2+ 0-1

[Event "Julian Mazur Memorial"]
[Site "Wellington Chess Club"]
[Date "2014.08.21"]
[Round "5"]
[White "Stracy, Don"]
[Black "Wilkins, Mark"]
[Result "1/2-1/2"]
[WhiteElo "1855"]
[BlackElo "1886"]

1. e4 c6 2. Nc3 d5 3. Nf3 Nf6 4. e5 Ne4 5. Ne2 Bf5 6. d3 Nc5 7. Ned4 e6 8. Nxf5
exf5 9. Nd4 g6 10. Be2 Bg7 11. f4 Qh4+ 12. g3 Qe7 13. Bf3 Nbd7 14. Qe2 O-O 15.
O-O {draw agreed} 1/2-1/2

[Event "Julian Mazur Memorial"]
[Site "Wellington Chess Club"]
[Date "2014.08.21"]
[Round "5"]
[White "Wight, Joshua"]
[Black "Scarlett, William"]
[Result "1-0"]
[WhiteElo "1204"]
[BlackElo "1255"]

1. e4 c6 2. Nc3 d5 3. g3 d4 4. Nce2 e5 5. d3 Bg4 6. Bg2 h6 7. Nf3 Bxf3 8. Bxf3
Nf6 9. O-O Be7 10. c3 c5 11. cxd4 cxd4 12. Qb3 Qd7 13. Bd2 O-O 14. Bb4 Bxb4 15.
Qxb4 Nc6 16. Qc5 b6 17. Qb5 Rac8 18. Rac1 Rfe8 19. Rc2 Re6 20. Rfc1 Rd6 21. Bg2
Qb7 22. f4 a6 23. Qb3 Rdd8 24. Bh3 Rc7 25. fxe5 Na5 26. Rxc7 Nxb3 27. Rxb7 Nxc1
28. Nxc1 Nxe4 29. dxe4 d3 30. Nxd3 Rxd3 31. Rxb6 Re3 32. Rxa6 Rxe4 33. Ra8+ 1-0

[Event "Julian Mazur Memorial"]
[Site "Wellington Chess Club"]
[Date "2014.08.28"]
[Round "6"]
[White "Anderson, Gordon"]
[Black "Farrington, Lawrence"]
[Result "1-0"]
[WhiteElo "1624"]
[BlackElo "1852"]

1. d4 d5 2. g3 Nc6 3. Bg2 Nf6 4. Nf3 Bf5 5. a3 e6 6. O-O Qd7 7. Nbd2 h5 8. h4
Ne4 9. Nxe4 Bxe4 10. Ne5 Nxe5 11. Bxe4 Nc4 12. Bd3 Bd6 13. Bxc4 dxc4 14. e4 g6
15. Bg5 Be7 16. Bxe7 Qxe7 17. f4 O-O-O 18. c3 Qd6 19. Qe2 Qc6 20. Qf3 Rhe8 21.
e5 Qxf3 22. Rxf3 a5 23. Rd1 Rd5 24. Rf2 a4 25. Rfd2 Kd7 26. Kf2 c6 27. Ke3 Ra8
28. Rb1 Ke7 29. Ke4 Rb5 30. Kf3 Ra6 31. Ke3 Rab6 32. Kf2 Rb3 33. Rdd1 Ra6 34.
Ke2 Rb5 35. Kd2 Ra8 36. Ke3 Rf8 37. Ke4 f6 38. exf6+ Rxf6 39. Kf3 g5 40. hxg5
Rxg5 41. Rh1 Rgf5 42. Rbe1 Kf7 43. Re5 Rxe5 44. dxe5 Rf5 45. Rd1 Ke8 46. Rd4
Rf7 47. Rxc4 Rd7 48. Rd4 Rxd4 49. cxd4 Kf7 50. g4 hxg4+ 51. Kxg4 Kg6 52. Kf3
Kf5 53. Ke3 b6 54. Kf3 c5 55. dxc5 bxc5 56. Ke3 c4 57. Kf3 Kg6 58. Ke4 Kf7 59.
f5 exf5+ 60. Kxf5 Ke7 61. Ke4 Kd7 62. Kd4 Ke6 63. Kxc4 Kxe5 64. Kb4 Kd5 65.
Kxa4 Kc6 66. b4 Kb6 67. Kb3 Kb5 68. a4+ 1-0

[Event "Julian Mazur Memorial"]
[Site "Wellington Chess Club"]
[Date "2014.08.28"]
[Round "6"]
[White "Bennett, Ezra"]
[Black "Collings, Alex"]
[Result "1-0"]
[WhiteElo "1236"]
[BlackElo "1203"]

1. d4 d5 2. Bf4 Nc6 3. e3 e6 4. Nf3 Bd6 5. Bxd6 cxd6 6. Nc3 Nf6 7. Bd3 e5 8.
Bb5 Bd7 9. Qd2 e4 10. Ng5 O-O 11. O-O-O Ng4 12. h3 Qxg5 13. hxg4 Bxg4 14. Be2
Bd7 15. f4 Qxg2 16. Nxd5 Rac8 17. Rdg1 Qxh1 18. Rxh1 Be6 19. Bc4 Na5 20. Ne7+
Kh8 21. Nxc8 Nxc4 22. Qh2 h6 23. Ne7 Nxe3 24. f5 Nxf5 25. Nxf5 Bxf5 26. Qxd6
Re8 27. Kd2 e3+ 28. Ke1 e2 29. Rxh6+ gxh6 30. Qxh6+ Kg8 31. Qg5+ Bg6 32. Qb5
Re4 33. Qxb7 Rxd4 34. Qg2 Kf8 35. Qa8+ Kg7 36. Qxa7 Rd1+ 37. Kxe2 Bh5+ 38. Ke3
Re1+ 39. Kd3 Bg6+ 40. Kc3 Kf6 41. Qf2+ Kg7 42. Qxe1 f6 43. Qe7+ Bf7 44. a4 Kg6
45. a5 {White went on to win} 1-0

[Event "Julian Mazur Memorial"]
[Site "Wellington Chess Club"]
[Date "2014.08.28"]
[Round "6"]
[White "Croad, Nicolas"]
[Black "Nyberg, Michael"]
[Result "0-1"]
[WhiteElo "2368"]
[BlackElo "2081"]

1. d4 d5 2. c4 c6 3. Nf3 Nf6 4. e3 g6 5. Nc3 Bg7 6. Bd3 Nbd7 7. O-O O-O 8. a4
a5 9. cxd5 cxd5 10. b3 Nb8 11. Ne5 Nc6 12. f4 Qb6 13. Ba3 Nb4 14. Bb1 Re8 15.
Nb5 e6 16. Qc1 Rd8 17. Qc3 Bf8 18. Rc1 Bd7 19. Nxd7 Rxd7 20. Qd2 Ne8 21. Bxb4
Bxb4 22. Qd1 Nd6 23. Bd3 Rdd8 24. Ra2 Ne8 25. Rac2 Nf6 26. h3 Nh5 27. Rc7 Bd6
28. Nxd6 Rxd6 29. Bb5 Rdd8 30. Qe1 Ng7 31. Qh4 Nf5 32. Qf6 Rf8 33. Rd7 Nd6 34.
Bd3 Ne8 35. Qe7 Qxb3 0-1

[Event "Julian Mazur Memorial"]
[Site "Wellington Chess Club"]
[Date "2014.08.28"]
[Round "6"]
[White "Meravanage, Satwik"]
[Black "Kay, Bruce"]
[Result "0-1"]
[WhiteElo "1238"]
[BlackElo "1744"]

1. e4 e5 2. Nf3 Nc6 3. Bc4 Nf6 4. d3 Be7 5. Be3 d6 6. Nbd2 O-O 7. O-O Na5 8.
Bb3 c5 9. c3 Nc6 10. Qc2 a6 11. d4 b5 12. d5 Na5 13. c4 bxc4 14. Bxc4 Nxc4 15.
Nxc4 a5 16. b3 Ba6 17. Bd2 Bxc4 18. bxc4 Qc7 19. Qa4 Nxe4 20. Be3 Rfb8 21. Rab1
Rxb1 22. Rxb1 Nc3 0-1

[Event "Julian Mazur Memorial"]
[Site "Wellington Chess Club"]
[Date "2014.08.28"]
[Round "6"]
[White "Perry, Roger"]
[Black "Stone, Andrew"]
[Result "0-1"]
[WhiteElo "2098"]
[BlackElo "2058"]

1. e4 e5 2. Nf3 Nc6 3. d4 exd4 4. Nxd4 Bc5 5. Nxc6 Qf6 6. Qf3 dxc6 7. Nd2 Be6
8. Bd3 O-O-O 9. Nb3 Bb4+ 10. Ke2 Qg6 11. e5 Rxd3 12. Qxd3 Qxg2 13. Bg5 Bg4+ 14.
Ke3 Qf3+ 15. Kd4 Qd5+ 16. Ke3 Qxe5+ 17. Qe4 Qxg5+ 18. f4 Qe7 19. Qxe7 Nxe7 20.
Rhg1 Nf5+ 21. Kf2 h5 22. Rgf1 Re8 23. c3 Re2+ 24. Kg1 Bd6 25. Rae1 Rxb2 26. Rf2
Rxf2 27. Kxf2 b6 28. Re4 Kd7 29. Nd4 Bc5 30. Kg2 Nxd4 31. cxd4 Bd6 32. h3 Bf5
33. Re1 Bxf4 34. Kf3 Bd6 0-1

[Event "Julian Mazur Memorial"]
[Site "Wellington Chess Club"]
[Date "2014.08.28"]
[Round "6"]
[White "Rossiter, Philip"]
[Black "Stracy, Don"]
[Result "1-0"]
[WhiteElo "1922"]
[BlackElo "1855"]

1. d4 Nf6 2. c4 e6 3. Nf3 b6 4. Bf4 Bb7 5. e3 Nh5 6. Bg3 d5 7. Nc3 c5 8. Bxb8
Rxb8 9. cxd5 Bxd5 10. Bb5+ Ke7 11. Ne5 Nf6 12. Nxd5+ Qxd5 13. Nc6+ 1-0

[Event "Julian Mazur Memorial"]
[Site "Wellington Chess Club"]
[Date "2014.08.28"]
[Round "6"]
[White "Sellen, Ian"]
[Black "Stoeveken, Peter"]
[Result "1-0"]
[WhiteElo "2075"]
[BlackElo "1856"]

1. c4 e5 2. Nc3 Nf6 3. Nf3 Nc6 4. g3 Bb4 5. Qc2 Bxc3 6. Qxc3 d6 7. d3 h6 8. Bg2
Be6 9. O-O Qd7 10. d4 Ne4 11. Qc2 Bf5 12. Nxe5 dxe5 13. Bxe4 Bxe4 14. Qxe4 Qxd4
15. Qxd4 Nxd4 16. e4 O-O 17. Kg2 a6 18. Rb1 f5 19. exf5 Nxf5 20. Re1 Rae8 21.
Bd2 Nd4 22. Re4 Re6 23. Bc3 Nc6 24. Rbe1 Rfe8 25. f4 Rd8 26. fxe5 b5 27. cxb5
axb5 28. R1e2 Ne7 29. b3 Rd3 30. Bb2 Nc6 31. R4e3 Rd5 32. Kf3 Rd1 33. Ke4 Nb4
34. a3 Nc6 35. Rd3 Rxd3 36. Kxd3 Kf7 37. Ke4 Rg6 38. Kd5 Ne7+ 39. Kc5 c6 40.
e6+ Rxe6 41. Rxe6 Kxe6 42. Bxg7 h5 43. Bf8 Ng6 44. Bd6 Kd7 45. Bf4 Nf8 46. Kd4
Ne6+ 47. Ke5 Nc5 48. b4 Nd3+ 49. Kf5 c5 50. bxc5 Nxc5 51. Kg5 Ke6 52. Kxh5 Kf7
53. g4 Nd3 54. Bd6 Ke6 55. Bb4 Kf7 56. g5 Nf4+ 57. Kh6 Ng6 58. Bd6 Nh4 59. Kh5
Nf5 60. Be5 Ne7 61. h4 Kg8 62. g6 Nf5 63. Kg5 Ne3 64. h5 Nc4 65. Bd4 Nd6 66. h6
Ne4+ 67. Kf4 1-0

[Event "Julian Mazur Memorial"]
[Site "Wellington Chess Club"]
[Date "2014.08.28"]
[Round "6"]
[White "Sole, Michael"]
[Black "Baker, Jack"]
[Result "0-1"]
[WhiteElo "1746"]
[BlackElo "1396"]

1. e4 e5 2. Nf3 Nc6 3. Bb5 Bc5 4. c3 Nf6 5. d3 d5 6. Nxe5 O-O 7. Nxc6 bxc6 8.
Bxc6 Rb8 9. d4 Bb6 10. e5 Ne4 11. O-O f6 12. f3 Ba6 13. Re1 Ng5 14. f4 Ne4 15.
Nd2 Nxd2 16. Bxd2 fxe5 17. Rxe5 Qd6 18. Bxd5+ Kh8 19. Qh5 c5 20. Re6 Qd7 21.
Rae1 cxd4 22. cxd4 Bxd4+ 23. Be3 Bxe3+ 24. R1xe3 Qb5 25. Qxh7+ Kxh7 0-1